GL Dramas by Main Couple Picture #2 - Statistics

General Stats
  • This quiz has been taken 33 times
  • The average score is 6 of 12
Answer Stats
Picture Answer % Correct
23.5
91%
The Loyal Pin
82%
Petrichor
77%
Friendly Rivalry
73%
Denied Love
59%
Only You
59%
Reverse With Me
45%
Love Senior
32%
Apple My Love
27%
I Am Devil
18%
My Fairy Ghost
5%
Out of Breath
5%
No matching quizzes found
Score Distribution
Percent of People with Each Score
Percentile by Number Answered
Your Score History
You have not taken this quiz